[Event "FRA-chT4 0405"]
[Site "Bretagne"]
[Date "2005.04.03"]
[Round "7"]
[White "Cougoulic, Guillaume"]
[Black "Le Bail, Arielle"]
[Result "0-1"]
[WhiteElo "1810"]
[BlackElo "1650"]
[PlyCount "72"]
[EventDate "2004.04.03"]
[EventType "team"]
[EventRounds "7"]
[EventCountry "FRA"]
[SourceTitle "EXT 2007"]
[Source "ChessBase"]
[SourceDate "2006.11.23"]
[SourceVersion "1"]
[SourceVersionDate "2006.11.23"]
[SourceQuality "1"]

1. e4 e6 2. d4 d5 3. Nd2 c5 4. Ngf3 Nc6 5. exd5 exd5 6. dxc5 Bxc5 7. Nb3 Bb6 8. c3 Bg4 9. Be2 Bxf3 10. Bxf3 Nge7 11. 0-0 Qd6 12. Re1 0-0 13. Bg5 f6 14. Bh4 Rad8 15. Bg3 Qd7 16. Bg4 f5 17. Bf3 Ng6 18. h3 f4 19. Bh2 Nge5 20. a4 Nxf3+ 21. Qxf3 d4 22. a5 Bc7 23. cxd4 Nxd4 24. Nxd4 Qxd4 25. Qxb7 Be5 26. Qb3+ Kh8 27. Rad1 Qc5 28. Rxd8 Rxd8 29. Qe6 h6 30. Rb1 Qc2 31. Re1 Qxb2 32. Qe7 Qb8 33. Kh1 Re8 34. Qh4 Kh7 35. Bxf4 Bxf4 36. Rxe8 Qb1+ 0-1

[Event "FRA-chT4 0304"]
[Site "Bretagne"]
[Date "2004.02.01"]
[Round "5"]
[White "Hydouin, Jean"]
[Black "Cougoulic, Guillaume"]
[Result "1-0"]
[WhiteElo "2010"]
[BlackElo "1870"]
[PlyCount "61"]
[EventDate "2003.10.12"]
[EventType "team"]
[EventRounds "9"]
[EventCountry "FRA"]
[SourceTitle "EXT 2005"]
[Source "ChessBase"]
[SourceDate "2004.11.15"]
[SourceVersion "1"]
[SourceVersionDate "2004.11.15"]
[SourceQuality "1"]

1. e4 e6 2. d4 d5 3. Nd2 Nf6 4. e5 Nfd7 5. Bd3 c5 6. c3 Nc6 7. Ngf3 Qb6 8. 0-0 cxd4 9. cxd4 Nxd4 10. Nxd4 Qxd4 11. Nf3 Qb6 12. Qa4 Bc5 13. Qg4 g6 14. a3 a5 15. Bd2 Qxb2 16. Rfb1 Nxe5 17. Bb5+ Qxb5 18. Nxe5 Qa6 19. Qa4+ Ke7 20. Qh4+ f6 21. Nxg6+ hxg6 22. Qxh8 Bd4 23. Qg7+ Kd8 24. Ra2 b6 25. Rc2 Qe2 26. Qf8+ Kd7 27. Qf7+ Kd8 28. Qc7+ Ke8 29. Qc6+ Kf7 30. Qxa8 Qxf2+ 31. Kh1 1-0

[Event "FRA-chT4 0304"]
[Site "Bretagne"]
[Date "2004.01.18"]
[Round "4"]
[White "Prioul, Jean"]
[Black "Cougoulic, Guillaume"]
[Result "1-0"]
[WhiteElo "1910"]
[BlackElo "1870"]
[PlyCount "61"]
[EventDate "2003.10.12"]
[EventType "team"]
[EventRounds "9"]
[EventCountry "FRA"]
[SourceTitle "EXT 2005"]
[Source "ChessBase"]
[SourceDate "2004.11.15"]
[SourceVersion "1"]
[SourceVersionDate "2004.11.15"]
[SourceQuality "1"]

1. d4 d5 2. Nf3 Nf6 3. c4 e6 4. Nc3 Be7 5. e3 0-0 6. Bd3 b6 7. 0-0 Bb7 8. Qe2 c5 9. dxc5 bxc5 10. Rd1 Nbd7 11. b3 Rc8 12. Bb2 Qb6 13. e4 d4 14. Na4 Qc7 15. Bc1 Bc6 16. Nb2 Qb7 17. Re1 e5 18. g3 Ne8 19. g4 Nd6 20. Nd2 Bg5 21. Nf1 Bxc1 22. Raxc1 f5 23. gxf5 Nxf5 24. exf5 Bf3 25. Be4 Bxe4 26. Qxe4 Qxe4 27. Rxe4 Rxf5 28. Nd3 Rcf8 29. Nd2 Kf7 30. Rce1 Ke6 31. f4 1-0

[Event "Morbihan-ch 0102"]
[Site "Morbihan"]
[Date "2002.01.12"]
[Round "3"]
[White "Cougoulic, Guillaume"]
[Black "Le Glaunec, Thierry"]
[Result "1/2-1/2"]
[WhiteElo "1700"]
[BlackElo "1550"]
[PlyCount "54"]
[EventDate "2001.10.20"]
[EventType "swiss"]
[EventRounds "7"]
[EventCountry "FRA"]
[SourceTitle "EXT 2005"]
[Source "ChessBase"]
[SourceDate "2004.11.15"]
[SourceVersion "1"]
[SourceVersionDate "2004.11.15"]
[SourceQuality "1"]

1. e4 e5 2. Nf3 d6 3. d4 exd4 4. Bc4 h6 5. c3 Nc6 6. cxd4 Na5 7. Qa4+ c6 8. Bd3 Nf6 9. b4 Nc4 10. Bxc4 b5 11. Bxb5 cxb5 12. Qxb5+ Bd7 13. Qd3 a6 14. Nc3 Be7 15. d5 Qb6 16. a3 Ng4 17. 0-0 Bf6 18. h3 Rc8 19. Bd2 Ne5 20. Nxe5 Bxe5 21. Rac1 0-0 22. Be3 Qd8 23. Qd2 Qf6 24. Ne2 Qg6 25. f3 f5 26. Nf4 Qg3 27. Rf2 Rxc1+ 1/2-1/2

[Event "Fouesnant op 07th"]
[Site "Fouesnant"]
[Date "2001.10.29"]
[Round "4"]
[White "Cougoulic, Guillaume"]
[Black "Bodenez, Vincent"]
[Result "0-1"]
[WhiteElo "1710"]
[BlackElo "2019"]
[PlyCount "67"]
[EventDate "2001.10.27"]
[EventType "swiss"]
[EventRounds "7"]
[EventCountry "FRA"]
[SourceTitle "EXT 2003"]
[Source "ChessBase"]
[SourceDate "2002.11.25"]
[SourceVersion "1"]
[SourceVersionDate "2002.11.25"]
[SourceQuality "1"]

1. e4 d5 2. exd5 Nf6 3. d4 Bg4 4. Be2 Bxe2 5. Qxe2 Qxd5 6. Nf3 e6 7. Bf4 Bd6 8. Bxd6 cxd6 9. Nc3 Qa5 10. Qb5+ Qxb5 11. Nxb5 Kd7 12. 0-0-0 Ne4 13. d5 e5 14. Rhf1 a6 15. Na3 b5 16. c4 b4 17. Nc2 a5 18. Nd2 Nc5 19. Nb3 Nxb3+ 20. axb3 Na6 21. Ne1 Nc5 22. Kc2 a4 23. Nd3 axb3+ 24. Kd2 Nxd3 25. Kxd3 Ra2 26. Rd2 f5 27. c5 dxc5 28. Kc4 Kd6 29. Kxb3 Rha8 30. f4 R8a3+ 31. Kc4 Re3 32. h4 g6 33. h5 g5 34. g4 0-1

[Event "Fouesnant op 07th"]
[Site "Fouesnant"]
[Date "2001.10.27"]
[Round "1"]
[White "Le Roux, Jean Pierre"]
[Black "Cougoulic, Guillaume"]
[Result "1-0"]
[WhiteElo "2329"]
[BlackElo "1710"]
[PlyCount "26"]
[EventDate "2001.10.27"]
[EventType "swiss"]
[EventRounds "7"]
[EventCountry "FRA"]
[SourceTitle "EXT 2003"]
[Source "ChessBase"]
[SourceDate "2002.11.25"]
[SourceVersion "1"]
[SourceVersionDate "2002.11.25"]
[SourceQuality "1"]

1. e4 e6 2. d4 d5 3. Nd2 Nf6 4. g3 c5 5. Bg2 Nc6 6. Ngf3 Bd6 7. 0-0 0-0 8. Re1 Be7 9. c3 Re8 10. a3 b5 11. c4 bxc4 12. exd5 exd5 13. dxc5 Rb8 1-0